Vista normal
Vista MARC
Entrada Materia (personas)
Número de registros utilizados en: 1
001 - CONTROL NUMBER
- control field: 39543
003 - CONTROL NUMBER IDENTIFIER
- control field: Co-BoUCM
005 - DATE AND TIME OF LATEST TRANSACTION
- control field: 20130621113104.0
008 - FIXED-LENGTH DATA ELEMENTS
- fixed length control field: 130621|| aca||aabn | a|a d
040 ## - CATALOGING SOURCE
- Original cataloging agency: Co-BoUCM
- Transcribing agency: Co-BoUCM
100 ## - HEADING--PERSONAL NAME
- Personal name: Wood, Geoffrey; Demirbag, Mehmet
670 ## - SOURCE DATA FOUND
- Source citation: Work cat.: (Co-BoUCM)166661: Wood, Geoffrey; Demirbag, Mehmet, Handbook of institutional approaches to international business, 2012